[Event "Sochi IPCA op"]
[Site "Sochi"]
[Date "2022.10.08"]
[Round "7"]
[White "Kuzminyh, Artem"]
[Black "Eshmuratov, Abbas"]
[Result "1-0"]
[WhiteElo "1960"]
[BlackElo "1199"]
[PlyCount "73"]
[EventDate "2022.10.03"]
[EventType "swiss"]
[EventRounds "7"]
[EventCountry "RUS"]
[SourceTitle "CBM 210 Extra"]
[Source "ChessBase"]
[SourceDate "2022.11.30"]
[SourceVersion "1"]
[SourceVersionDate "2022.11.30"]
[SourceQuality "1"]

1. c4 Nf6 2. Nc3 c5 3. g3 g6 4. Bg2 Bg7 5. Nf3 Nc6 6. 0-0 e5 7. e3 0-0 8. d4 d6 9. h3 h5 10. b3 Bf5 11. Bb2 Re8 12. dxe5 dxe5 13. Qxd8 Raxd8 14. Rfd1 e4 15. Nh4 Ne5 16. Nxf5 gxf5 17. Ne2 Nd3 18. Bc3 Rd7 19. Rd2 Red8 20. Rad1 Nb4 21. Rxd7 Rxd7 22. Rxd7 Nxd7 23. Bxb4 cxb4 24. Nd4 Bxd4 25. exd4 Kg7 26. f3 e3 27. f4 h4 28. gxh4 Nf8 29. Bxb7 Ne6 30. d5 Nxf4 31. d6 Kf6 32. Bd5 Nxh3+ 33. Kf1 Nf4 34. Ke1 a6 35. Kd1 Ng6 36. c5 Nf4 37. Bc4 1-0

[Event "Sochi IPCA op"]
[Site "Sochi"]
[Date "2022.10.07"]
[Round "6"]
[White "Kuprin, Vladimir"]
[Black "Eshmuratov, Abbas"]
[Result "1-0"]
[WhiteElo "2078"]
[BlackElo "1199"]
[PlyCount "79"]
[EventDate "2022.10.03"]
[EventType "swiss"]
[EventRounds "7"]
[EventCountry "RUS"]
[SourceTitle "CBM 210 Extra"]
[Source "ChessBase"]
[SourceDate "2022.11.30"]
[SourceVersion "1"]
[SourceVersionDate "2022.11.30"]
[SourceQuality "1"]

1. e4 c5 2. Nf3 d6 3. d4 cxd4 4. Nxd4 Nf6 5. Nc3 a6 6. Be3 e6 7. f4 Nbd7 8. Bd3 b5 9. Qf3 Bb7 10. g4 h6 11. 0-0-0 Rc8 12. Kb1 Nc5 13. a3 Qa5 14. Bd2 Qb6 15. Nb3 Nxd3 16. cxd3 d5 17. Rhf1 b4 18. Be3 Qc6 19. Nd4 Qc7 20. axb4 Bxb4 21. Rc1 Qa5 22. Nb3 Qd8 23. e5 Nd7 24. Bd4 0-0 25. g5 hxg5 26. fxg5 Qxg5 27. Rg1 Qh6 28. Rg3 Nc5 29. Nxc5 Bxc5 30. Bxc5 Rxc5 31. Rcg1 g6 32. Qf6 Rc7 33. Ne2 Qg7 34. Qg5 a5 35. Nf4 Rfc8 36. Rh3 Qf8 37. Nh5 Qb4 38. Nf6+ Kf8 39. Rh8+ Ke7 40. Nxd5+ 1-0